|
|
|
|
| LEADER |
00000nam0a2200000 4500 |
| 001 |
333070 |
| 005 |
20231102004522.0 |
| 035 |
|
|
|a (RuTPU)RU\TPU\book\359065
|
| 090 |
|
|
|a 333070
|
| 100 |
|
|
|a 20170606d1954 m y0rusy50 ca
|
| 101 |
0 |
|
|a rus
|
| 102 |
|
|
|a RU
|
| 105 |
|
|
|a a z 001zd
|
| 200 |
1 |
|
|a Подвиг штурмана В. И. Альбанова
|f под ред. Н. Я. Болотникова ; авт. предисл. Н. В. Пинегин
|
| 205 |
|
|
|a 2-е изд.
|
| 210 |
|
|
|a Москва
|c Географгиз
|d 1954
|
| 215 |
|
|
|a 206 с.
|c ил.
|
| 320 |
|
|
|a Комментарии и прмечания: с. 198-203.
|
| 320 |
|
|
|a Словарь морских терминов: с. 204-205
|
| 464 |
|
|
|t Записки В. И. Альбанова о путешествии по дрейфующим льдам Северного Ледовитого океана летом 1914 года
|o [дневники]
|f В. И. Альбанов
|
| 600 |
|
1 |
|a Альбанов
|b В. И.
|c полярный штурман, участник полярной экспедиции Г. Л. Брусилова на судне "Святая Анна"
|f 1881-1919
|g Валериан Иванович
|2 stltpush
|3 (RuTPU)RU\TPU\pers\39586
|9 21013
|
| 600 |
|
1 |
|a Брусилов
|b Г. Л.
|c исследователь Арктики
|c лейтенант российского флота
|f 1884-1914?
|g Георгий Львович
|2 stltpush
|3 (RuTPU)RU\TPU\pers\31944
|9 16013
|
| 606 |
1 |
|
|a Путешествия
|2 stltpush
|3 (RuTPU)RU\TPU\subj\53234
|9 71554
|
| 610 |
1 |
|
|a Северный Ледовитый океан
|
| 610 |
1 |
|
|a исследования
|
| 610 |
1 |
|
|a экспедиции
|
| 610 |
1 |
|
|a Северный морской путь
|
| 610 |
1 |
|
|a дневники
|
| 675 |
|
|
|a 910.4
|v 4
|
| 702 |
|
1 |
|a Болотников
|b Н. Я.
|4 340
|
| 702 |
|
1 |
|a Пинегин
|b Н. В.
|4 080
|
| 801 |
|
1 |
|a RU
|b 63413507
|c 20170606
|
| 801 |
|
2 |
|a RU
|b 63413507
|c 20171004
|g RCR
|
| 942 |
|
|
|c BK
|